[Event "Belgacom international championshp"]
[Site "Watermaal-Bosvoorde"]
[Date "1994.04.??"]
[Round "?"]
[White "Cools, Gorik"]
[Black "Lane, Gary William"]
[Result "0-1"]
[WhiteElo "2300"]
[BlackElo "2435"]
[BlackTitle "IM"]
[PlyCount "81"]
[Source "Personal correspondence with Mr. Alain Talon"]

1. e4 e5 2. f4 exf4 3. Nf3 g5 4. Bc4 Bg7 5. O-O h6 6. g3 g4 7. Nh4 f3 8. Nc3 Nc6 9. Nd5 d6 10. c3 Nf6 11. d4 O-O 12. Nf5 Bxf5 13. exf5 Nxd5 14. Bxd5 Qf6 15. Be4 Rfe8 16. Bd3 Ne7 17. Qc2 h5 18. Be4 Rad8 19. Bd2 c5 20. dxc5 dxc5 21. Rae1 h4 22. Qc1 hxg3 23. hxg3 Nxf5 24. Bg5 Qd6 25. Bf4 Qd7 26. Qc2 Nd6 27. Bh7+ Kf8 28. Rd1 Qe7 29. Rd3 Nc4 30. Rfd1 Rxd3 31. Qxd3 Nxb2 32. Qd5 f2+ 33. Kg2 Nxd1 34. Qxd1 Rd8 35. Qf1 Qe1 36. Qxf2 Qxf2+ 37. Kxf2 Bxc3 38. Bf5 Bd2 39. Bc7 Re8 40. Bd6+ Kg8 41. Bxg4 0-1